[Event "DSOL 03 Liga Gr-B 1st"]
[Site "Playchess.com INT"]
[Date "2020.08.10"]
[Round "2.3"]
[White "Scepanik, Hans Juergen"]
[Black "Fenski, Matthias"]
[Result "0-1"]
[WhiteElo "1827"]
[BlackElo "1865"]
[PlyCount "118"]
[EventDate "2020.06.22"]
[EventType "team-tourn (rapid)"]
[EventCountry "GER"]
[SourceTitle "EXT 2021"]
[Source "ChessBase"]
[SourceDate "2020.10.23"]
[SourceVersion "1"]
[SourceVersionDate "2020.10.23"]
[SourceQuality "1"]
[WhiteTeam "Kiel SG"]
[BlackTeam "Luebeck SV II"]
[WhiteTeamCountry "GER"]
[BlackTeamCountry "GER"]

1. c4 Nf6 2. Nf3 e6 3. g3 d5 4. b3 d4 5. Bb2 c5 6. e3 Nc6 7. d3 e5 8. e4 Bd6 9. Nbd2 0-0 10. Bg2 Be6 11. 0-0 h6 12. a3 Qd7 13. Ra2 a5 14. Bc1 g5 15. Kh1 Ne7 16. Ng1 Ng6 17. f3 Nh7 18. Rf2 f6 19. a4 Rf7 20. Nb1 Raf8 21. Na3 f5 22. Qe1 b6 23. Nb5 Nf6 24. Nxd6 Qxd6 25. Nh3 Qd7 26. Nxg5 hxg5 27. Bxg5 Nh7 28. Bh6 Re8 29. Bh3 fxe4 30. Bxe6 Qxe6 31. fxe4 Nf6 32. Bc1 Ng4 33. Rxf7 Qxf7 34. h3 Qf3+ 35. Kg1 Ne3 36. Bxe3 Qxe3+ 37. Qxe3 dxe3 38. Re2 Kg7 39. Rxe3 Ne7 40. Kg2 Rf8 41. h4 Nc6 42. Rf3 Nd4 43. Rxf8 Kxf8 44. g4 Nxb3 45. g5 Nc1 46. Kf3 Nxd3 47. Kg4 Nb2 48. Kf5 Nxa4 49. h5 Nc3 50. h6 Kg8 51. g6 a4 52. Kxe5 a3 53. Kf5 a2 54. e5 a1Q 55. e6 Qf1+ 56. Ke5 Qf8 57. g7 Qe7 58. Kf5 Ne2 59. Kg6 Qxe6+ 0-1

[Event "DSOL 03 Liga Gr-B 1st"]
[Site "Playchess.com INT"]
[Date "2020.07.24"]
[Round "5.3"]
[White "Fenski, Matthias"]
[Black "Budai, Zoltan"]
[Result "1-0"]
[WhiteElo "1865"]
[BlackElo "1877"]
[PlyCount "75"]
[EventDate "2020.06.22"]
[EventType "team-tourn (rapid)"]
[EventCountry "GER"]
[SourceTitle "EXT 2021"]
[Source "ChessBase"]
[SourceDate "2020.10.23"]
[SourceVersion "1"]
[SourceVersionDate "2020.10.23"]
[SourceQuality "1"]
[WhiteTeam "Luebeck SV II"]
[BlackTeam "Dachau"]
[WhiteTeamCountry "GER"]
[BlackTeamCountry "GER"]

1. c4 Nf6 2. g3 g6 3. Bg2 Bg7 4. Nc3 0-0 5. e4 d6 6. Nge2 e5 7. d3 Nc6 8. 0-0 Nd4 9. h3 h5 10. Nxd4 exd4 11. Ne2 Nd7 12. f4 c6 13. f5 a5 14. Bf4 Nc5 15. g4 g5 16. Bg3 h4 17. Bf2 Qb6 18. Qd2 f6 19. Nxd4 Qb4 20. Rfd1 Bd7 21. a3 Qxd2 22. Rxd2 a4 23. Re1 Rfe8 24. Nf3 Nb3 25. Rdd1 c5 26. d4 Rad8 27. dxc5 dxc5 28. e5 fxe5 29. Nxg5 e4 30. Nxe4 Bxb2 31. Nd6 Rxe1+ 32. Rxe1 Bxa3 33. Bd5+ Kf8 34. Bxh4 Rb8 35. Re7 Be8 36. f6 Rd8 37. Rg7 Rxd6 38. Rg8# 1-0

[Event "GER Cup Net V1 U2000"]
[Site "Playchess.com INT"]
[Date "2020.05.19"]
[Round "3"]
[White "Fenski, Matthias"]
[Black "Braeutigam, Katerina"]
[Result "1-0"]
[WhiteElo "1692"]
[BlackElo "1552"]
[PlyCount "77"]
[EventDate "2020.05.19"]
[EventType "swiss (blitz)"]
[EventRounds "9"]
[EventCountry "GER"]
[SourceTitle "EXT 2021"]
[Source "ChessBase"]
[SourceDate "2020.10.23"]
[SourceVersion "1"]
[SourceVersionDate "2020.10.23"]
[SourceQuality "1"]

1. c4 e5 2. g3 g6 3. Bg2 Bg7 4. Nc3 Nc6 5. d3 d6 6. a3 Be6 7. Rb1 f5 8. e3 Nf6 9. b4 Rb8 10. Nge2 0-0 11. 0-0 e4 12. Nf4 Bf7 13. Nfd5 Ne5 14. dxe4 fxe4 15. Nxe4 Nxe4 16. Bxe4 Nxc4 17. Qd3 Ne5 18. Qc2 c6 19. Nc3 d5 20. Bg2 Be6 21. Ne2 Bf5 22. e4 dxe4 23. Bxe4 Kh8 24. Bxf5 Rxf5 25. Bf4 Nf3+ 26. Kg2 Qd5 27. Kh1 Nh4+ 28. f3 Nxf3 29. Rbd1 Nd4+ 30. Kg1 Nxc2 31. Rxd5 Rxd5 32. Bxb8 a6 33. Nf4 Rd2 34. Ba7 Rd7 35. Kg2 Nxa3 36. Ne6 Kg8 37. Bc5 Be5 38. Kh3 Bg7 39. Ng5 1-0

[Event "GER-ch Net Amateur Gr-B Vor1"]
[Site "Playchess.com INT"]
[Date "2020.04.14"]
[Round "1"]
[White "Haubold, Christian Lucas"]
[Black "Fenski, Matthias"]
[Result "0-1"]
[WhiteElo "1573"]
[BlackElo "1688"]
[PlyCount "56"]
[EventDate "2020.04.14"]
[EventType "swiss (blitz)"]
[EventRounds "9"]
[EventCountry "GER"]
[SourceTitle "EXT 2021"]
[Source "ChessBase"]
[SourceDate "2020.10.23"]
[SourceVersion "1"]
[SourceVersionDate "2020.10.23"]
[SourceQuality "1"]

1. e4 d6 2. d4 Nf6 3. Nc3 e5 4. d5 c6 5. Bc4 Be7 6. Be3 b5 7. Bb3 b4 8. Nce2 Nxe4 9. dxc6 Nxc6 10. Qd5 Nf6 11. Qxc6+ Bd7 12. Qc4 0-0 13. Kd1 d5 14. Qd3 a5 15. a3 a4 16. Ba2 Re8 17. f3 Rb8 18. Ke1 Qa5 19. Bd2 Bb5 20. Qe3 Bd6 21. Nh3 d4 22. Qf2 Qa6 23. axb4 Rbc8 24. c3 a3 25. Bb3 axb2 26. Rb1 Bc4 27. Bxc4 Qxc4 28. Rxb2 Ra8 0-1

[Event "GER-ch Net blitz qual2"]
[Site "Playchess.com INT"]
[Date "2020.03.16"]
[Round "3"]
[White "Fenski, Matthias"]
[Black "Muse, Drazen"]
[Result "0-1"]
[WhiteElo "1724"]
[BlackElo "2339"]
[PlyCount "58"]
[EventDate "2020.03.16"]
[EventType "swiss (blitz)"]
[EventRounds "9"]
[EventCountry "GER"]
[SourceTitle "CBM 195 Extra"]
[Source "ChessBase"]
[SourceDate "2020.05.31"]
[SourceVersion "1"]
[SourceVersionDate "2020.05.31"]
[SourceQuality "1"]

1. c4 g6 2. g3 Bg7 3. Bg2 d6 4. Nc3 Nf6 5. d3 0-0 6. e4 c5 7. Nge2 Nc6 8. a3 Nd7 9. 0-0 a6 10. Be3 Nd4 11. f4 Rb8 12. h3 b5 13. g4 e6 14. Rb1 f5 15. gxf5 gxf5 16. Qe1 Nc2 17. Qd2 Nxe3 18. Qxe3 Kh8 19. Kh1 fxe4 20. Bxe4 Nf6 21. Rg1 d5 22. cxd5 exd5 23. Rxg7 Kxg7 24. Qg3+ Kh8 25. Bf3 Bf5 26. Rd1 Rg8 27. Qh4 d4 28. Ne4 Nxe4 29. Bxe4 Qxh4 0-1

[Event "GER-ch Net blitz qual2"]
[Site "Playchess.com INT"]
[Date "2020.03.16"]
[Round "1"]
[White "Rosner, Jonas"]
[Black "Fenski, Matthias"]
[Result "1-0"]
[WhiteElo "2432"]
[BlackElo "1724"]
[PlyCount "61"]
[EventDate "2020.03.16"]
[EventType "swiss (blitz)"]
[EventRounds "9"]
[EventCountry "GER"]
[SourceTitle "CBM 195 Extra"]
[Source "ChessBase"]
[SourceDate "2020.05.31"]
[SourceVersion "1"]
[SourceVersionDate "2020.05.31"]
[SourceQuality "1"]

1. d4 Nf6 2. Nf3 e6 3. g3 d5 4. Bg2 Nbd7 5. 0-0 c6 6. c4 Bd6 7. Nfd2 0-0 8. Nc3 Bb4 9. a3 Bxc3 10. bxc3 b6 11. Qc2 Ba6 12. Qb3 Qc8 13. Re1 Rb8 14. e4 dxe4 15. Nxe4 Nxe4 16. Bxe4 Nf6 17. Bf3 h6 18. Bf4 Ra8 19. a4 Bb7 20. Bd6 Rd8 21. c5 Ne8 22. Bf4 Nf6 23. cxb6 axb6 24. Reb1 Nd5 25. Bd2 Qc7 26. c4 Ne7 27. Bf4 Qc8 28. Qxb6 Ba6 29. Qc5 Qd7 30. Rd1 Nf5 31. Bxc6 1-0

[Event "GER-ch Net blitz qual2"]
[Site "Playchess.com INT"]
[Date "2020.03.16"]
[Round "8"]
[White "Tiarks, Jann Christian"]
[Black "Fenski, Matthias"]
[Result "1-0"]
[WhiteElo "2159"]
[BlackElo "1724"]
[PlyCount "53"]
[EventDate "2020.03.16"]
[EventType "swiss (blitz)"]
[EventRounds "9"]
[EventCountry "GER"]
[SourceTitle "CBM 195 Extra"]
[Source "ChessBase"]
[SourceDate "2020.05.31"]
[SourceVersion "1"]
[SourceVersionDate "2020.05.31"]
[SourceQuality "1"]

1. e4 d6 2. d4 Nf6 3. Nc3 e5 4. Nf3 Nbd7 5. Bc4 Be7 6. 0-0 Nb6 7. Bb3 exd4 8. Nxd4 c5 9. Nf5 Bxf5 10. exf5 c4 11. Ba4+ Nxa4 12. Nxa4 Qd7 13. Nc3 0-0 14. Qf3 Qc6 15. Qg3 Nd5 16. Ne4 Nf6 17. Bh6 Ne8 18. Bxg7 Nxg7 19. f6 Bxf6 20. Nxf6+ Kh8 21. Qh4 h5 22. Nxh5 Nxh5 23. Qxh5+ Kg7 24. Qg5+ Kh8 25. Rfe1 Qc5 26. Qh6+ Kg8 27. Re3 1-0